000
00335nam a2200133Ia 4500
008
230818s1999 xx 000 0 und d
041
_a
eng
100
_a
Chon
245
_a
Wel come to hospitality of Introduction
260
_b
Delmar pub .
_c
1999
300
_a
466p
520
_a
General | Hard Board
999
_c
854793
_d
854793
650
_a
Hotel Front office